00900nab a2200181 4500003001000000005001700010008004100027040001400068041000800082100005200090245005200142260003500194300001300229500032100242650003500563650002700598773009300625AR-RoBPED20260413095243.0260413b |||||||| |||| 00| 0 spa d aAR-RoBPED aspa1 aRabino, Adriana ZitaeProfesora de Matemática1 aPlegado de papel:bconjetura y demostración / aBuenos Aires :bNoveduc,c2025 a30-37 p. aLa autora invita a explorar el plegado de papel como un recurso potente para la enseñanza de contenidos en el área de Matemática. Además, señala que esta técnica milenaria contribuye a mejorar las capacidades de concentración, memoria y pensamiento lógico, y el desarrollo de destrezas psicomotrices. 7aENSEÑANZA DE LAS MATEMATICAS 7aACTIVIDADES DIDACTICAS0 020414dBuenos Aires : Noveduc, 1993-tNovedades Educativasw(AR-RoBPED)20414x03283534